1940-nen taisei : saraba senji keizai /

Saved in:
Bibliographic Details
Main Author: Noguchi, Yukio, 1940-
Format: Book
Language:Japanese
Published: Tōkyō : Tōyō Keizai Shinpōsha, 2002.
Edition:Shinpan
Subjects:
Tags: Add Tag
No Tags, Be the first to tag this record!
LEADER 00989nam a2200277Ia 4500
001 009028362-7
005 20031105135118.0
008 030618s2002 ja b 001 0 jpn
020 |a 4492393951 
035 0 |a ocm52459240 
040 |a WTU  |c WTU  |d HMY 
050 4 |a HC462.9  |b .N615 2002x 
100 1 |6 880-01  |a Noguchi, Yukio,  |d 1940- 
245 1 0 |6 880-02  |a 1940-nen taisei :  |b saraba senji keizai /  |c Noguchi Yukio cho. 
250 |6 880-03  |a Shinpan 
260 |6 880-04  |a Tōkyō :  |b Tōyō Keizai Shinpōsha,  |c 2002. 
300 |a xvi, 248 p. ;  |c 19 cm. 
504 |a Includes bibliographical references (p. 236-237) and index. 
651 0 |a Japan  |x Economic policy  |y 1945-1989. 
650 0 |a World War, 1939-1945  |x Economic aspects  |z Japan. 
880 1 |6 100-01  |a 野口悠紀雄,  |d 1940- 
880 1 0 |6 245-02  |a 1940年体制 :  |b さらば戦時経済 /  |c 野口悠紀雄著. 
880 |6 250-03  |a 新版 
880 |6 260-04  |a 東京 :  |b 東洋経済新報社,  |c 2002. 
988 |a 20031001 
906 |0 OCLC